Detalles MARC
| 000 -LIDER |
| fixed length control field |
01316nam a2200337 a 4500 |
| 001 - NÚMERO DE CONTROL |
| Identificador de número de control |
0000252 |
| 003 - IDENTIFICACDOR DE NÚMERO DE CONTROL |
| control field |
DO-SdBNP |
| 005 - DATE AND TIME OF LATEST TRANSACTION |
| control field |
20180307083419.0 |
| 007 - CAMPOS FIJOS DE DESCRIPCIÓN FÍSICA |
| fixed length control field |
0000252 |
| 008 - ELEMENTOS DE LONGITUD FIJA |
| fixed length control field |
150211s20uu dr abc 000 0 spa d |
| 020 ## - ISBN |
| Canceled/invalid ISBN |
9789945400975 |
| 040 ## - FUENTE DE CATALOGACIÓN |
| Agencia que crea de manera original el registro |
BPMSU |
| Idioma de catalogación |
spa |
| Agencia que realiza la transcripción |
BPMSU |
| 092 ## - LOCALLY ASSIGNED DEWEY DECIMAL CALL NUMBER |
| Número de clasificación |
xxxx |
| Número de ítem (Cutter) |
xxxx |
| 100 1# - ASIENTO PRINCIPAL -- NOMBRE PERSONAL |
| Nombre personal |
Mateo Dicló, Luisa A. |
| 245 00 - MENCIÓN DE TITULO |
| Título |
Artística 2 : |
| Subtítulo |
básica / |
| Mención de responsabilidad |
Luisa A. Mateo Dicló, María Valentina Arias Escalante ; producción editorial María del Jesús de la Rosa ; ilustraciones Wi-Hen Fung, Ramón Sandoval. |
| 260 ## - PUBLICACIÓN, DISTRIBUCIÓN, ETC. (PIE DE IMPRENTA) |
| Lugar de publicación, distribución, etc |
Santo Domingo : |
| Nombre del editor, distribuidor, etc. |
Actualidad Escolar 2000, |
| Fecha de publicación, distribución, etc |
[20uu] |
| 300 ## - DESCRIPCIÓN FÍSICA |
| Extensión |
xxxii, 112 p. : |
| Otros detalles físicos |
il., mapas, retrs. ; |
| Dimensiones |
22 cm. |
| 500 ## - NOTA GENERAL |
| Nota general |
Incluye el libros del maestro |
| 500 ## - NOTA GENERAL |
| Nota general |
La biblioteca solamente posee el libro del maestro. |
| 504 ## - NOTA DE BIBLIOGRAFÍA, ETC. |
| Bibliography, etc |
Bibliografía p: xxxii |
| 505 0# - NOTA DE CONTENIDO |
| Título |
La educación artística -- |
| -- |
Me conozco -- |
| -- |
La exploración -- |
| -- |
La expresión artística -- |
| -- |
Las artes y sus formas -- |
| -- |
Arte, cultura e historia -- |
| 700 1# - ASIENTO SECUNDARIO -- NOMBRE PERSONAL |
| Nombre personal |
Mateo Dicló, Luisa A. |
| 700 1# - ASIENTO SECUNDARIO -- NOMBRE PERSONAL |
| Nombre personal |
Arias Escalante, María Valentina |
| 700 1# - ASIENTO SECUNDARIO -- NOMBRE PERSONAL |
| Nombre personal |
Del Jesús de la Rosa, María |
| Mención de responsabilidad |
prod. ed. |
| 700 1# - ASIENTO SECUNDARIO -- NOMBRE PERSONAL |
| Nombre personal |
Sandoval, Ramón |
| Mención de responsabilidad |
il. |
| 700 1# - ASIENTO SECUNDARIO -- NOMBRE PERSONAL |
| Nombre personal |
Fung, Wi-Hen |
| Mención de responsabilidad |
il. |
| 910 ## - VALIDACIÓN |
| Validación |
00144 |
| 942 ## - ADDED ENTRY ELEMENTS (KOHA) |
| Source of classification or shelving scheme |
Dewey Decimal Classification |
| Koha item type |
Libros |
| 945 ## - INFORMACIÓN DE PROCESAMIENTO LOCAL |
| Información de procesamiento local |
Remanejado para la BNPHU / 2018 VM |
| 956 ## - LOCAL ELECTRONIC LOCATION AND ACCESS (OCLC) |
| Nombre de host |
YLOCKWARD |
| Número de acceso |
10 |